| 000 | 00363cam a22001097a 4500 | ||
|---|---|---|---|
| 008 | 180718b1955 xxu||||| |||| 00| 0 eng d | ||
| 082 | _aT2196x54 | ||
| 245 |
_aReport on the carpet industry of Mirzapur & Bhadoi _cby Indian Cooperative Union, New Delhi |
||
| 260 |
_aNew Delhi _bGovernment of India _c1955 |
||
| 300 | _a26+p | ||
| 700 | _aIndia. Indian Cooperative Union | ||
| 999 |
_c497584 _d497584 |
||